000 00782nam a22002417a 4500
003 UA-OsUOA
001 70980
007 ta
008 20100927b un ||||| |||| 00| 0 ukr d
090 _a008:001.891
_bН34
942 _cBK
040 _aUA-OsUOA
_bukr
_cUA-OsUOA
_dUA-OsUOA
245 _aНаукові записки. Серія культурологія
_bПроблеми культурної ідентичності: глобальний та локальний виміри
300 _a668 с.
955 _a2
041 _aukr
080 _a008:001.891
020 _a978-966-2254-07-2
260 _aОстрог
_bНаУОА
_c2010
250 _nВипуск 5
650 7 _a008 Цивілізація. Культура. Прогрес
_2UDC
999 _c357250
_d357250